000 00635nam a2200205 4500
001 113038
003 ES-MaACL
005 20250829132032.0
007 t|
008 061121s1964 sp r ||||1| spa d
100 1 _aNúñez, David.
_986146
245 1 1 _a¿Se pueden evitar los hijos sin pecar?. Cuándo y cómo /
_cDavid Núñez, presbítero.
250 _a2ª ed. corr. y aum.
260 _aMadrid :
_bStudium,
_c1964.
300 _a214 p. :
_bil. ;
_c20 cm.
490 1 _aHogar y pedagogía ;
_v52
830 0 0 _aHogar y pedagogía
_v52
_9181444
852 _aES-MaACL
_jC-27156
_bR.56142
999 _c113038
_d113038